|
|
|
|
| LEADER |
00760naa a2200193 i 4500 |
| 001 |
publ30523 |
| 005 |
20241127132456.0 |
| 008 |
241127s2008 hu o 000 eng d |
| 024 |
7 |
|
|a 2430888
|2 mtmt
|
| 040 |
|
|
|a SZTE Publicatio Repozitórium
|b hun
|
| 041 |
|
|
|a eng
|
| 100 |
1 |
|
|a Farkas Gyula
|
| 245 |
1 |
0 |
|a Long-term follow-up after organ-preserving pancreatic head resection in chronic pancreatitis patients
|h [elektronikus dokumentum] :
|b 8-year experience /
|c Farkas Gyula
|
| 260 |
|
|
|a Editura Casa Cartii de Stiinta
|b Cluj-Napoca
|c 2008
|
| 300 |
|
|
|a 8
|
| 300 |
|
|
|a 147-154
|
| 490 |
0 |
|
|a Pancreatic Diseases in 2008: what are the burning issues?
|
| 650 |
|
4 |
|a Klinikai orvostan
|
| 856 |
4 |
0 |
|u http://publicatio.bibl.u-szeged.hu/30523/1/aok_klny_905_08.pdf
|z Dokumentum-elérés
|